LIBRARY & INFORMATION CENTRE, KCAET, TAVANUR

ONLINE PUBLIC ACCESS CATALOGUE (OPAC)

English composition without trouble / (Record no. 4678)

MARC details
000 -LEADER
fixed length control field 00447cam a2200181ua 4500
041 ## - LANGUAGE CODE
Language code of text/sound track or separate title eng
082 ## - DEWEY DECIMAL CLASSIFICATION NUMBER
Classification number 425
Item number FRE/EN
100 ## - MAIN ENTRY--AUTHOR NAME
Personal name Frence, F G .
245 ## - TITLE STATEMENT
Title English composition without trouble /
250 ## - EDITION STATEMENT
Edition statement 2 /
260 ## - PUBLICATION, DISTRIBUTION, ETC. (IMPRINT)
Place of publication London :
Name of publisher Oxford University Press ,
Year of publication 1964.
300 ## - PHYSICAL DESCRIPTION
Number of Pages 130 ; .
942 ## - ADDED ENTRY ELEMENTS (KOHA)
Koha item type Books
Holdings
Withdrawn status Lost status Damaged status Home library Current library Date acquired Full call number Accession Number Koha item type Public note
Withdrawn     KAUAET Malayalam University 07/04/2012 425 8662 Books Transferred to Malayalam University
Withdrawn     KAUAET Sanskrit University 07/04/2012 425 8563 Books Transferred to Sanskrit University
Withdrawn     KAUAET Sanskrit University 07/04/2012 425 8561 Books Transferred to Sanskrit University
free website counter